Helping and being helped: (Record no. 1259)

MARC details
000 -LEADER
fixed length control field 007290000a22002170004500
003 - CONTROL NUMBER IDENTIFIER
control field LK-CoMWRAF
008 - FIXED-LENGTH DATA ELEMENTS--GENERAL INFORMATION
fixed length control field 230817t1992 ||||| |||| 00| 0 eng d
020 ## - INTERNATIONAL STANDARD BOOK NUMBER
International Standard Book Number 080394327X
040 ## - CATALOGING SOURCE
Original cataloging agency LK-CoMWRAF
Modifying agency LK-CoMWRAF
Description conventions LK-CoMWRAF
041 ## - LANGUAGE CODE
Language code of text/sound track or separate title English
082 ## - DEWEY DECIMAL CLASSIFICATION NUMBER
Classification number 158.3
Item number CLA
942 ## - ADDED ENTRY ELEMENTS (KOHA)
Koha item type Conference Proceeding
111 ## - MAIN ENTRY--MEETING NAME
Meeting name or jurisdiction name as entry element SEVENTH CLAREMONT SYMPOSIUM ON APPLIED SOCIAL PSYCHOLOGY
Date of meeting (Feb 3, 1990)
700 ## - ADDED ENTRY--PERSONAL NAME
Personal name Spacapan, Shirlynn
relator term editor
700 ## - ADDED ENTRY--PERSONAL NAME
Personal name Oskamp, Stuart
relator term editor
245 ## - TITLE STATEMENT
Title Helping and being helped:
Remainder of title naturalistic studies
260 ## - PUBLICATION, DISTRIBUTION, ETC. (IMPRINT)
Place of publication, distribution, etc. New Delhi:
Name of publisher, distributor, etc. Sage,
Date of publication, distribution, etc. 1992
300 ## - PHYSICAL DESCRIPTION
Extent viii, 259 p. : ill. ; 23 cm.
Other physical details Bibliography and index included
490 ## - SERIES STATEMENT
Series statement Claremont symposium on applied social psychology
650 ## - SUBJECT ADDED ENTRY--TOPICAL TERM
Topical term or geographic name as entry element HELPING BEHAVIOUR-Congresses
Holdings
Withdrawn status Lost status Damaged status Not for loan Permanent Location Current Location Date acquired Full call number Barcode Koha item type
        Resource center, Muslim Women's Research And Action Forum Resource center, Muslim Women's Research And Action Forum 2023-08-17 158.3 CLA RAF1888 Books

Copyright © 2023 Muslim Women's Research and Action Forum (MWRAF), No 27/3, Anderson Road, Kalubowila, Dehiwela. Funded by The Asia Fundation